000 00414nam a2200181Ia 4500
001 10481
005 20260306161835.0
008 260306t1987||||xx |||||||||||||| ||spa||
041 _aESP
082 _a937
_bA41
100 _aAlföldy, Géza
_eAUT
245 0 _aHistoria social de Roma
260 _c1987
300 _a304 páginas :
_c20 cm.
650 _aGEN
654 _aCHU
942 _cLIB
_dJUS
_fJUS
_2ddc
_n
999 _c10481
_d10481